000 00544nam a22001931a 4500
001 4656
003 OSt
005 20260204211942.0
008 050905s2002||||mx ||||||b||||||||||spa||
020 _a9701035526
050 _a658.154 C178p
100 _aCárdenas, Raúl Andrés
245 _aPresupuestos: Teoría y práctica / Raúl Andrés Cárdenas y Nápoles
264 _aMéxico: Mcgraw-Hill
300 _a158 p
500 _aIncluye indice y bibliografía
650 _a1.Presupuesto - Administración FinancieraÌ
942 _2ddc
_cBK
999 _c4656
_d4656